Cincuenta años de jurisprudencia del Tribunal Constitucional Federal alemán
সংরক্ষণ করুন:
| প্রধান লেখক: | |
|---|---|
| বিন্যাস: | গ্রন্থ |
| ভাষা: | স্প্যানিশ |
| প্রকাশিত: |
Bogotá
Jurídicas Gustavo Ibáñez
2003
|
| বিষয়গুলি: | |
| ট্যাগগুলো: |
ট্যাগ যুক্ত করুন
কোনো ট্যাগ নেই, প্রথমজন হিসাবে ট্যাগ করুন!
|
MARC
| LEADER | 00000nam a2200000 a 4500 | ||
|---|---|---|---|
| 001 | UCL1334 | ||
| 003 | CL-VaPUC | ||
| 008 | 030905e20030000CK |||||||||||||||||spa|d | ||
| 020 | |a 9588192269 | ||
| 082 | 0 | 4 | |a 342.0664 |b SCH |2 21 |
| 100 | 0 | |a Schwabe, Jürgen |e author |9 478298 | |
| 245 | 1 | 0 | |a Cincuenta años de jurisprudencia del Tribunal Constitucional Federal alemán |
| 300 | |a 501 p | ||
| 942 | |c BK | ||
| 945 | |d 20030905 00:00:00 |a cmena | ||
| 260 | |a Bogotá |b Jurídicas Gustavo Ibáñez |c 2003 | ||
| 650 | 7 | |a DERECHO CONSTITUCIONAL ALEMAN |2 CL-VaPUC |9 478299 | |
| 650 | 0 | |a Jurisprudencia |9 255952 | |
| 650 | 0 | |a Sentencias |9 256250 | |
| 583 | |a last modification |c 20030905 00:00:00 |k Rodrigo Vera | ||
| 999 | |c 304973 |d 304971 | ||
| 952 | |0 0 |1 0 |4 0 |6 342_066400000000000_SCH_2003 |7 0 |8 A |9 367848 |a BIBDER |b BIBDER |d 2019-11-21 |i 3927776 |o 342.0664 SCH 2003 |p 3927776 |r 2023-01-25 |w 2019-11-21 |y BK |k DER | ||
| 952 | |0 0 |1 0 |4 0 |6 342_066400000000000_SCH_2003 |7 0 |8 A |9 367849 |a BIBDER |b BIBDER |d 2019-11-21 |i 3958906 |o 342.0664 SCH 2003 |p 3958906 |r 2019-11-21 |w 2019-11-21 |y BK |k DER | ||